000 00746nam a2200205 a 4500
001 000034900
005 20200930073956.0
008 111021s1978 ag ab 000 0 spa d
040 _aDO-SdBNP
_bspa
_cBNPHU
082 _axxxx
_bxxxx
100 1 _aCelis M., Augusto
_960463
245 1 0 _aDesarrollo historico del conocimiento :
_b(del salvajismo al esclavismo griego) /
_cAugusto Celis M.
260 _aArgentina, :
_bEl cid,
_c1978.
300 _a104 p. :
_bil., map. ;
_c18 cm.
490 1 _aMetodología
504 _aIncluye referencias bibliográficas y notas al pie de las páginas
504 _aBibliografía : p. 101-104
590 _aPerteneció a la biblioteca personal de Juan Isidro Jimenes Grullón
830 0 _aMetodología
_960464
999 _c34391
_d34391